50 Cidades Mais Populosas da Região Sudeste do Brasil - Statistics

Estatísticas Gerais
  • Esse quiz foi jogado 414 vezes
  • A pontuação média é 34 de 50
Estatísticas das Respostas
Estado Habitantes Cidade % Correto
SP 11 967 825 São Paulo
100%
MG 2 479 175 Belo Horizonte
99%
RJ 6 453 682 Rio de Janeiro
99%
SP 1 080 113 Campinas
96%
SP 1 221 979 Guarulhos
91%
RJ 487 562 Niterói
89%
ES 327 801 Vitória
89%
MG 612 635 Uberlândia
88%
SP 420 000 Santos
87%
SP 604 682 Ribeirão Preto
85%
SP 676 407 Santo André
85%
SP 666 740 Osasco
84%
RJ 999 728 São Gonçalo
83%
RJ 855 048 Duque de Caxias
80%
SP 629 921 São José dos Campos
80%
SP 765 463 São Bernardo do Campo
77%
SP 586 625 Sorocaba
77%
MG 516 247 Juiz de Fora
76%
MG 296 988 Uberaba
75%
ES 458 489 Vila Velha
74%
RJ 796 257 Nova Iguaçu
73%
MG 603 442 Contagem
72%
SP 386 089 Diadema
71%
SP 408 258 São José do Rio Preto
69%
RJ 469 332 Belford Roxo
68%
MG 378 089 Betim
67%
SP 343 937 Bauru
65%
SP 370 126 Jundiaí
65%
RJ 463 731 Campos dos Goytacazes
64%
SP 290 752 Guarujá
64%
RJ 295 917 Petrópolis
64%
ES 409 267 Serra
63%
SP 364 571 Piracicaba
59%
RJ 257 803 Volta Redonda
59%
SP 417 064 Mauá
57%
SP 278 686 Taubaté
57%
MG 361 915 Montes Claros
56%
SP 318 640 Franca
54%
SP 387 779 Mogi das Cruzes
54%
SP 332 445 São Vicente
53%
SP 262 051 Praia Grande
52%
MG 263 689 Governador Valadares
51%
SP 276 022 Limeira
45%
ES 348 738 Cariacica
44%
RJ 458 673 São João de Meriti
44%
SP 262 480 Suzano
44%
SP 369 584 Carapicuíba
43%
SP 321 770 Itaquaquecetuba
39%
SP 240 003 Embu das Artes
34%
MG 298 317 Ribeirão das Neves
30%
Nenhum quiz correspondente encontrado
Distribuição das Pontuações
Porcentagem de Pessoas com Cada Pontuação
Percentil de Números Respondidos
Sua Pontuação Histórica
Você não jogou esse quiz